000 00381nam a22001455i 4500
008 191122s2020 pau 000 0 eng
020 _a9780323681452
050 _aSF745
_b.S57
100 1 _aSirois, Margi,
245 1 0 _aElsevier's veterinary assisting textbook /
_cMargi Sirois.
250 _aThird.
260 _aMissouri
_bElsevier Ltd
_c2021
300 _apages cm
942 _cBK
999 _c2405
_d2405